Debates contemporáneos sobre migración internacional : (Record no. 193263)

MARC details
000 -CABECERA
campo de control de longitud fija 00734nam a2200205 u 4500
005 - FECHA Y HORA DE LA ÚLTIMA TRANSACCIÓN
campo de control 20240109063553.0
008 - ELEMENTOS DE LONGITUD FIJA--INFORMACIÓN GENERAL
campo de control de longitud fija 171019s2016 mx r 000 0 spa d
020 ## - NÚMERO INTERNACIONAL NORMALIZADO PARA LIBROS
Número Internacional Estándar del Libro 9786075240572
035 ## - NÚMERO DE CONTROL DEL SISTEMA
Número de control de sistema UPN01000221164
049 ## - COLECCIÓN
Colección CG
050 #4 - SIGNATURA TOPOGRÁFICA DE LA BIBLIOTECA DEL CONGRESO
Número de clasificación JV7398
Número de documento/Ítem D4.2
245 00 - MENCIÓN DE TÍTULO
Título Debates contemporáneos sobre migración internacional :
Resto del título una mirada desde América Latina /
Mención de responsabilidad, etc. coord. Alejandro I. Canales.
260 ## - PUBLICACIÓN, DISTRIBUCIÓN, ETC.
Lugar de publicación, distribución, etc. México :
Nombre del editor, distribuidor, etc. Universidad de Guadalajara :
-- Miguel Angel Porrúa,
Fecha de publicación, distribución, etc. c2016.
300 ## - DESCRIPCIÓN FÍSICA
Extensión 286 p. :
Otras características físicas cuadros, gráfs.
440 #0 - MENCIÓN DE SERIE/ASIENTO SECUNDARIO--TÍTULO
Título Desarrollo y migración
651 #4 - ASIENTO SECUNDARIO DE MATERIA - NOMBRE GEOGRAFICO
Nombre geográfico América Latina
Subdivisión general Emigración e inmigración
9 (RLIN) 2853
700 1# - ASIENTO SECUNDARIO--NOMBRE DE PERSONAL
Nombre de persona Canales Cerón, Alejandro Isidoro,
Término indicativo de función/relación coord.
9 (RLIN) 41106
905 ## - TIPO DE MATERIAL
Tipo de material Libro
Holdings
Estado de retiro Estado de pérdida Fuente del sistema de clasificación o colocación Estado dañado No para préstamo Código de colección Localización permanente Ubicación/localización actual Ubicación en estantería Total de préstamos Clasificación Código de barras Fecha visto por última vez Número de copia Tipo de ítem Koha Fecha de adquisición Fecha del último préstamo
    Library of Congress Classification     Colección General Bib. Gregorio Torres Quintero Bib. Gregorio Torres Quintero Planta baja   JV7398 D4.2 320528 31/12/2020 1 Libro    
    Library of Congress Classification     Colección General Bib. Gregorio Torres Quintero Bib. Gregorio Torres Quintero Planta baja 5 JV7398 D4.2 320529 03/05/2023 1 Libro 28/03/2023 28/03/2023